Caught in the middle (Record no. 82619)
[ view plain ]
| 000 -LEADER | |
|---|---|
| fixed length control field | 01635cam a22003015a 4500 |
| 001 - CONTROL NUMBER | |
| control field | L150726 |
| 008 - FIXED-LENGTH DATA ELEMENTS--GENERAL INFORMATION | |
| fixed length control field | 100824e20100724xxk 000 0 eng d |
| 035 ## - SYSTEM CONTROL NUMBER | |
| System control number | (Sirsi) u150726 |
| 041 0# - LANGUAGE CODE | |
| Language code of text/sound track or separate title | eng |
| 100 1# - MAIN ENTRY--PERSONAL NAME | |
| Personal name | Driscoll, James |
| 245 00 - TITLE STATEMENT | |
| Title | Caught in the middle |
| 260 ## - PUBLICATION, DISTRIBUTION, ETC. | |
| Date of publication, distribution, etc. | 2010 |
| 490 ## - SERIES STATEMENT | |
| Series statement | Estates Gazette |
| Volume/sequential designation | (1029) 24 July 2010, 78-80(3) |
| 520 ## - SUMMARY, ETC. | |
| Summary, etc. | Guidance on valuing intermediate leases under Leasehold Reform Housing and Urban Development Act 1993 Sched 13, claims for compensation where a collective enfranchisement claim is preceeded by the leaseholders obtaining new leases and relativity as set out in "Nailrile Ltd v Cadogan and Ors" LRA/114/2006, 27 June 2008, one of five cojoined appeals from LVT considered together by the Upper Tribunal Lands Chamber. (see L147327 for summary and link to decision). (See also Part 2 of series L150729) |
| 590 ## - LOCAL NOTE (RLIN) | |
| Local note | KA |
| 650 24 - SUBJECT ADDED ENTRY--TOPICAL TERM | |
| Topical term or geographic name entry element | NAILRILE LTD V EARL CADOGAN |
| 650 24 - SUBJECT ADDED ENTRY--TOPICAL TERM | |
| Topical term or geographic name entry element | EARL CADOGAN V SPORTELLI |
| 650 24 - SUBJECT ADDED ENTRY--TOPICAL TERM | |
| Topical term or geographic name entry element | VISIBLE INFORMATION PACKAGED SYSTEMS LTD V SQUAREPOINT (LONDON) LTD |
| 650 24 - SUBJECT ADDED ENTRY--TOPICAL TERM | |
| Topical term or geographic name entry element | LEASEHOLD REFORM, HOUSING AND URBAN DEVELOPMENT ACT 1993 PART I |
| 650 24 - SUBJECT ADDED ENTRY--TOPICAL TERM | |
| Topical term or geographic name entry element | DAEJAN PROPERTIES LTD V EYRE ESTATE TRUSTEES AND OTHERS |
| 650 24 - SUBJECT ADDED ENTRY--TOPICAL TERM | |
| Topical term or geographic name entry element | LALVANI AND OTHERS V EARL CADOGAN AND ANOTHER |
| 650 24 - SUBJECT ADDED ENTRY--TOPICAL TERM | |
| Topical term or geographic name entry element | METROPOLITIAN PROPERTIES CO (REGIS) LTD V BARTHOLOMEW |
| 650 24 - SUBJECT ADDED ENTRY--TOPICAL TERM | |
| Topical term or geographic name entry element | UAE INVESTMENTS LTD V ALIM INVESTMENTS LTD V COMMISSIONERS OF EXHIBITION OF 1851 |
| 651 #4 - SUBJECT ADDED ENTRY--GEOGRAPHIC NAME | |
| Geographic name | ENGLAND AND WALES |
| 690 ## - LOCAL SUBJECT ADDED ENTRY--TOPICAL TERM (OCLC, RLIN) | |
| Topical term or geographic name as entry element | PROPERTY-RESIDENTIAL PROPERTY-RESIDENTIAL LANDLORD AND TENANT-RESIDENTIAL LEASES-RESIDENTIAL LEASEHOLD ENFRANCHISEMENT |
| 700 1# - ADDED ENTRY--PERSONAL NAME | |
| Personal name | Wilson, James |
| 942 ## - ADDED ENTRY ELEMENTS (KOHA) | |
| Suppress in OPAC | 0 |
| Withdrawn status | Lost status | Source of classification or shelving scheme | Damaged status | Not for loan | Home library | Current library | Shelving location | Date acquired | Total Checkouts | Full call number | Barcode | Date last seen | Copy number | Price effective from | Koha item type |
|---|---|---|---|---|---|---|---|---|---|---|---|---|---|---|---|
| Dewey Decimal Classification | London | London | Journal article | 24/08/2010 | L150726 | 150726-1001 | 06/08/2019 | 1 | 06/08/2019 | Journal article |